<?xml version="1.0" encoding="UTF-8"?>
<record
    xmlns:xsi="http://www.w3.org/2001/XMLSchema-instance"
    xsi:schemaLocation="http://www.loc.gov/MARC21/slim http://www.loc.gov/standards/marcxml/schema/MARC21slim.xsd"
    xmlns="http://www.loc.gov/MARC21/slim">

  <leader>03643nam a2200277Ia 4500</leader>
  <controlfield tag="003">OSt</controlfield>
  <controlfield tag="005">20240814144142.0</controlfield>
  <controlfield tag="008">210210b2017   xxu||||| |||| 00| 0 eng d</controlfield>
  <datafield tag="020" ind1=" " ind2=" ">
    <subfield code="a">9789386228390</subfield>
  </datafield>
  <datafield tag="040" ind1=" " ind2=" ">
    <subfield code="c">AL</subfield>
  </datafield>
  <datafield tag="041" ind1=" " ind2=" ">
    <subfield code="a">Hindi</subfield>
  </datafield>
  <datafield tag="082" ind1=" " ind2=" ">
    <subfield code="a">H891.4 KHEB</subfield>
  </datafield>
  <datafield tag="100" ind1=" " ind2=" ">
    <subfield code="a">KHER (Anupam)</subfield>
    <subfield code="d">&#x905;&#x928;&#x941;&#x92A;&#x92E; &#x916;&#x947;&#x930; </subfield>
    <subfield code="9">177365</subfield>
  </datafield>
  <datafield tag="245" ind1=" " ind2=" ">
    <subfield code="a">Bharatvarsh: Mahanaykon ki gauravgatha</subfield>
    <subfield code="b">&#x92D;&#x93E;&#x930;&#x924;&#x935;&#x930;&#x94D;&#x937;: &#x92E;&#x939;&#x93E;&#x928;&#x93E;&#x92F;&#x915;&#x94B;&#x902; &#x915;&#x940; &#x917;&#x94C;&#x930;&#x935;&#x917;&#x93E;&#x925;&#x93E; </subfield>
  </datafield>
  <datafield tag="260" ind1=" " ind2=" ">
    <subfield code="a">Nayi Dilli</subfield>
    <subfield code="b">Juggernaut</subfield>
    <subfield code="c">2017</subfield>
  </datafield>
  <datafield tag="300" ind1=" " ind2=" ">
    <subfield code="a">viii,326</subfield>
  </datafield>
  <datafield tag="520" ind1=" " ind2=" ">
    <subfield code="a">&#x907;&#x938; &#x915;&#x93F;&#x924;&#x93E;&#x92C; &#x92E;&#x947;&#x902; &#x906;&#x92A; &#x909;&#x928; &#x936;&#x916;&#x94D;&#x938;&#x93F;&#x92F;&#x924;&#x94B;&#x902; &#x938;&#x947; &#x930;&#x942; &#x92C; &#x930;&#x942; &#x939;&#x94B;&#x902;&#x917;&#x947;, &#x91C;&#x93F;&#x928;&#x94D;&#x939;&#x94B;&#x902;&#x928;&#x947; &#x907;&#x938; &#x926;&#x947;&#x936; &#x915;&#x940; &#x92A;&#x939;&#x91A;&#x93E;&#x928; &#x917;&#x922;&#x93C;&#x940; &#x939;&#x948;&#x964; &#x938;&#x926;&#x93F;&#x92F;&#x94B;&#x902; &#x915;&#x947; &#x926;&#x94C;&#x930;&#x93E;&#x928; &#x905;&#x92A;&#x928;&#x947; &#x935;&#x93F;&#x91A;&#x93E;&#x930;&#x94B;&#x902; &#x914;&#x930; &#x915;&#x930;&#x94D;&#x92E;&#x94B;&#x902; &#x938;&#x947; &#x909;&#x928;&#x94D;&#x939;&#x94B;&#x902;&#x928;&#x947; &#x907;&#x938; &#x935;&#x93F;&#x936;&#x93E;&#x932; &#x92D;&#x93E;&#x930;&#x924;&#x940;&#x92F; &#x92E;&#x939;&#x93E;&#x926;&#x94D;&#x935;&#x940;&#x92A; &#x915;&#x940; &#x91C;&#x928;&#x924;&#x93E; &#x915;&#x94B; &#x92A;&#x94D;&#x930;&#x947;&#x930;&#x93F;&#x924; &#x915;&#x93F;&#x92F;&#x93E;, &#x909;&#x938;&#x947; &#x90F;&#x915;&#x924;&#x93E; &#x915;&#x947; &#x938;&#x942;&#x924;&#x94D;&#x930; &#x92E;&#x947;&#x902; &#x92C;&#x93E;&#x902;&#x927;&#x93E;, &#x938;&#x92E;&#x93E;&#x91C; &#x915;&#x940; &#x92C;&#x941;&#x930;&#x93E;&#x907;&#x92F;&#x94B;&#x902; &#x915;&#x947; &#x916;&#x93F;&#x932;&#x93E;&#x92B; &#x91C;&#x917;&#x93E;&#x92F;&#x93E;, &#x909;&#x938;&#x938;&#x947; &#x932;&#x921;&#x93C;&#x928;&#x947; &#x915;&#x93E; &#x938;&#x93E;&#x939;&#x938; &#x926;&#x93F;&#x92F;&#x93E;, &#x909;&#x938;&#x947; &#x90F;&#x915; &#x938;&#x941;&#x902;&#x926;&#x930; &#x92D;&#x935;&#x93F;&#x937;&#x94D;&#x92F; &#x915;&#x947; &#x938;&#x92A;&#x928;&#x947; &#x938;&#x947; &#x938;&#x92E;&#x943;&#x926;&#x94D;&#x927; &#x915;&#x93F;&#x92F;&#x93E;&#x964; &#x935;&#x93F;&#x935;&#x93F;&#x927;&#x924;&#x93E;&#x913;&#x902; &#x938;&#x947; &#x92D;&#x930;&#x947; &#x907;&#x938; &#x926;&#x947;&#x936; &#x915;&#x940; &#x92E;&#x936;&#x939;&#x942;&#x930; &#x936;&#x916;&#x94D;&#x938;&#x93F;&#x92F;&#x924;&#x947;&#x902; &#x92D;&#x940; &#x909;&#x924;&#x928;&#x940; &#x939;&#x940; &#x935;&#x93F;&#x935;&#x93F;&#x927; &#x939;&#x948;&#x902; &#x91C;&#x93F;&#x928;&#x92E;&#x947;&#x902; &#x938;&#x92E;&#x94D;&#x930;&#x93E;&#x91F; &#x905;&#x936;&#x94B;&#x915; &#x914;&#x930; &#x905;&#x915;&#x92C;&#x930; &#x91C;&#x948;&#x938;&#x947; &#x936;&#x93E;&#x938;&#x915; &#x939;&#x948;&#x902; &#x924;&#x94B; &#x917;&#x94C;&#x924;&#x92E; &#x92C;&#x941;&#x926;&#x94D;&#x927; &#x914;&#x930; &#x915;&#x92C;&#x940;&#x930; &#x91C;&#x948;&#x938;&#x947; &#x92E;&#x939;&#x93E;&#x924;&#x94D;&#x92E;&#x93E; &#x914;&#x930; &#x938;&#x902;&#x924; &#x92D;&#x940;&#x964; &#x91C;&#x93F;&#x938;&#x92E;&#x947;&#x902; &#x906;&#x926;&#x93F; &#x936;&#x902;&#x915;&#x930;&#x93E;&#x91A;&#x93E;&#x930;&#x94D;&#x92F; &#x914;&#x930; &#x926;&#x93E;&#x930;&#x93E; &#x936;&#x93F;&#x915;&#x94B;&#x939; &#x91C;&#x948;&#x938;&#x947; &#x92E;&#x928;&#x940;&#x937;&#x940; &#x939;&#x948;&#x902; &#x924;&#x94B; &#x92A;&#x943;&#x925;&#x94D;&#x935;&#x940;&#x930;&#x93E;&#x91C; &#x91A;&#x94C;&#x939;&#x93E;&#x928; &#x914;&#x930; &#x92E;&#x939;&#x93E;&#x930;&#x93E;&#x923;&#x93E; &#x92A;&#x94D;&#x930;&#x924;&#x93E;&#x92A; &#x91C;&#x948;&#x938;&#x947; &#x92F;&#x94B;&#x926;&#x94D;&#x927;&#x93E; &#x92D;&#x940;&#x964; &#x91F;&#x940;&#x935;&#x940; &#x91A;&#x948;&#x928;&#x932; &#x90F;&#x92C;&#x940;&#x92A;&#x940; &#x928;&#x94D;&#x92F;&#x942;&#x91C;&#x93C; &#x92A;&#x930; &#x92E;&#x936;&#x939;&#x942;&#x930; &#x905;&#x92D;&#x93F;&#x928;&#x947;&#x924;&#x93E; &#x905;&#x928;&#x941;&#x92A;&#x92E; &#x916;&#x947;&#x930; &#x926;&#x94D;&#x935;&#x93E;&#x930;&#x93E; &#x92A;&#x94D;&#x930;&#x938;&#x94D;&#x924;&#x941;&#x924; &#x915;&#x940; &#x917;&#x908; &#x92F;&#x947; &#x915;&#x939;&#x93E;&#x928;&#x93F;&#x92F;&#x93E;&#x902; &#x907;&#x928; &#x910;&#x924;&#x93F;&#x939;&#x93E;&#x938;&#x93F;&#x915; &#x936;&#x916;&#x94D;&#x938;&#x93F;&#x92F;&#x924;&#x94B;&#x902; &#x915;&#x940; &#x938;&#x939;&#x91C; &#x938;&#x941;&#x932;&#x92D; &#x91C;&#x940;&#x935;&#x928;&#x940; &#x914;&#x930; &#x909;&#x928;&#x915;&#x947; &#x935;&#x93F;&#x91A;&#x93E;&#x930;&#x94B;&#x902; &#x915;&#x94B; &#x906;&#x91C; &#x915;&#x947; &#x938;&#x902;&#x926;&#x930;&#x94D;&#x92D; &#x92E;&#x947;&#x902; &#x92A;&#x947;&#x936; &#x915;&#x930;&#x924;&#x940; &#x939;&#x948;&#x902;&#x964; &#x90F;&#x92C;&#x940;&#x92A;&#x940; &#x928;&#x94D;&#x92F;&#x942;&#x91C;&#x93C; &#x915;&#x940; &#x936;&#x94B;&#x927; &#x91F;&#x940;&#x92E; &#x926;&#x94D;&#x935;&#x93E;&#x930;&#x93E; &#x917;&#x939;&#x928; &#x936;&#x94B;&#x927; &#x915;&#x947; &#x92C;&#x93E;&#x926; &#x932;&#x93F;&#x916;&#x940; &#x917;&#x908; &#x907;&#x928; &#x915;&#x939;&#x93E;&#x928;&#x93F;&#x92F;&#x94B;&#x902; &#x915;&#x94B; &#x932;&#x94B;&#x915;&#x92A;&#x94D;&#x930;&#x93F;&#x92F; &#x905;&#x902;&#x926;&#x93E;&#x91C; &#x92E;&#x947;&#x902; &#x92A;&#x947;&#x936; &#x915;&#x93F;&#x92F;&#x93E; &#x917;&#x92F;&#x93E; &#x939;&#x948;, &#x91C;&#x94B; &#x907;&#x924;&#x93F;&#x939;&#x93E;&#x938; &#x915;&#x94B; &#x935;&#x94D;&#x92F;&#x93E;&#x92A;&#x915; &#x92A;&#x93E;&#x920;&#x915;&#x94B;&#x902; &#x924;&#x915; &#x932;&#x947; &#x91C;&#x93E;&#x928;&#x947; &#x915;&#x940; &#x90F;&#x915; &#x915;&#x94B;&#x936;&#x93F;&#x936; &#x915;&#x93E; &#x939;&#x93F;&#x938;&#x94D;&#x938;&#x93E; &#x939;&#x948;&#x964;</subfield>
  </datafield>
  <datafield tag="521" ind1=" " ind2=" ">
    <subfield code="a">Stories of Great Indians:
This collection of ten essays on men who shaped India's identity is adapted from the popular show Bharatvarsha, hosted by actor-director Anupam Kher on ABP News. From rulers like Ashoka and Akbar to spiritual leaders like Gautama Buddha and Kabir, and from learned men like Adi Shankaracharya and Dara Shikoh to great warriors like Prithviraj Chauhan and Maharana Pratap, these men, through their ideas and deeds, continue to inspire the people of this huge subcontinent</subfield>
  </datafield>
  <datafield tag="650" ind1=" " ind2=" ">
    <subfield code="a">Mahanaykon</subfield>
    <subfield code="9">177366</subfield>
  </datafield>
  <datafield tag="650" ind1=" " ind2=" ">
    <subfield code="a">ki</subfield>
    <subfield code="9">177367</subfield>
  </datafield>
  <datafield tag="650" ind1=" " ind2=" ">
    <subfield code="a">gauravgatha</subfield>
    <subfield code="9">177368</subfield>
  </datafield>
  <datafield tag="650" ind1=" " ind2=" ">
    <subfield code="a">Bharatvarsh</subfield>
    <subfield code="9">177369</subfield>
  </datafield>
  <datafield tag="690" ind1=" " ind2=" ">
    <subfield code="a">Hindi Prose</subfield>
    <subfield code="9">177370</subfield>
  </datafield>
  <datafield tag="906" ind1=" " ind2=" ">
    <subfield code="a">072521</subfield>
  </datafield>
  <datafield tag="942" ind1=" " ind2=" ">
    <subfield code="2">ddc</subfield>
    <subfield code="c">BK</subfield>
  </datafield>
  <datafield tag="999" ind1=" " ind2=" ">
    <subfield code="c">122356</subfield>
    <subfield code="d">122356</subfield>
  </datafield>
  <datafield tag="952" ind1=" " ind2=" ">
    <subfield code="0">0</subfield>
    <subfield code="1">0</subfield>
    <subfield code="4">0</subfield>
    <subfield code="7">0</subfield>
    <subfield code="8">Hindi</subfield>
    <subfield code="a">AL</subfield>
    <subfield code="b">AL</subfield>
    <subfield code="c">Hindi Literature</subfield>
    <subfield code="d">2021-02-17</subfield>
    <subfield code="e">Rajpal and Sons, Kashmere Gate, Delhi-110006</subfield>
    <subfield code="g">250.00</subfield>
    <subfield code="l">0</subfield>
    <subfield code="o">H891.4 KHEB</subfield>
    <subfield code="p">072521</subfield>
    <subfield code="r">2021-02-17 00:00:00</subfield>
    <subfield code="w">2021-02-17</subfield>
    <subfield code="y">BK</subfield>
  </datafield>
</record>
